| 000 | 00727nam a22001577a 4500 | ||
|---|---|---|---|
| 999 |
_c4514 _d235018 |
||
| 080 | _a343.51.522 C 277 | ||
| 100 |
_4aut _aCastejón, Pablo Walter |
||
| 245 | _aLa problemática inclusión del Cheque en los Delitos de Falsedad numeraria, su equiparación a la moneda, art. 285 del Código Penal | ||
| 300 | _a92 P. | ||
| 500 | _aDirector de tesis: | ||
| 502 | _aTesis (especialización)-- Universidad de Castilla- la mancha- España. Universidad Nacional de Mar del Plata. Facultad de Derecho, Departamento de Posgrado. | ||
| 504 | _aTiene Bibliografía: P 89- 92. | ||
| 650 |
_2IEDCYT _acriminologia _adelitos economicos _afalsificacion de moneda _afalsificacion de documento |
||
| 945 |
_acd _d2017-07-12 |
||